000 00910nam a22002177a 4500
999 _c64454
_d64454
005 20240530110732.0
008 180514s2007 jo a g b 000 0 ara d
017 _bمصر. دار الكتب
040 _aEG-CaGPL
_cEG-CaGPL
082 0 4 _221
_a001.42 /
_bع ب
100 0 _aعامر قنديلجى
245 1 2 _aالبحث العلمى واستخدام مصادر المعلومات التقليدية والالكترونية /
_cعامر قنديلجى
260 _aعمان :
_bدار اليازورى العلمية للنشر والتوزيع ،
_c2007.
300 _a390 ص. :
_bجدال ؛
_c24 سم.
504 _aيشتمل على ارجاعات ببليوجرافية
650 0 7 _2qrmak
_aالمعلومات، علم
_vطرق البحث
651 _2qrmak
653 0 _aمصادر المعلومات - طرق البحث
942 _2ddc
_cBK